| 000 | 00492pab a2200169 454500 | ||
|---|---|---|---|
| 008 | 180718b2011 xxu||||| |||| 00| 0 eng d | ||
| 100 | _aBecker, Birgit | ||
| 245 | _aSocial disparities in children's vocabulary in early childhood. Does pre-school education help to close the gap? | ||
| 260 | _c2011 | ||
| 300 | _ap.69-88. | ||
| 362 | _aMar | ||
| 650 | _aEarly childhood education | ||
| 650 | _aSocial problems | ||
| 773 | _aBritish Journal of Sociology | ||
| 908 | _aN | ||
| 909 | _a92372 | ||
| 999 |
_c92372 _d92372 |
||